000 00908nam a22002895i 4500
001 13244
003 ES-MaACL
005 20250629222549.0
007 t|
008 930104s1983 sp ||||0| spa j
020 _a84-309-0999-0
040 _aM-BN
_bspa
_cM-BN
080 _a008(460)"1939/75"
100 1 _aDíaz, Elías.
_944117
245 1 0 _aPensamiento español en la era de Franco (1939-1975) /
_cElías Díaz.
250 _a1ª ed.
260 _aMadrid :
_bTecnos,
_c1983.
300 _a221 p ;
_c24 cm.
490 1 _aSemilla y surco. Serie de ciencia política
500 _aIndice.
504 _aBibliografía: p. 201-207.
651 4 _aEspaña-
_xVida intelectual-
_y1939-1975.
_98528
830 0 0 _aSemilla y surco.
_pSerie de ciencia política
_9236736
852 _aES-MaACL
_jL-20619
_bR.126313
_q. - Ded. autógr. del autor
942 _2udc
999 _c13244
_d13244